[Event "Kiel op"]
[Site "Kiel"]
[Date "2025.07.03"]
[Round "5"]
[White "Rudolf, Michal"]
[Black "Ajay Santhosh, Parvathareddy"]
[Result "1-0"]
[WhiteElo "2295"]
[BlackElo "2244"]
[PlyCount "129"]
[EventDate "2025.06.30"]
[EventType "swiss"]
[EventRounds "9"]
[EventCountry "GER"]
[SourceTitle "CB28_2025"]
[SourceDate "2025.07.09"]
[SourceVersion "1"]
[SourceVersionDate "2025.07.09"]
[SourceQuality "1"]

1. e4 c5 2. c3 Nf6 3. e5 Nd5 4. Nf3 d6 5. Bb5+ Bd7 6. Bc4 e6 7. d4 cxd4 8. Bxd5 exd5 9. Qxd4 Be6 10. Bf4 Nc6 11. Qa4 Bd7 12. exd6 Ne5 13. Qd4 Nxf3+ 14. gxf3 Qb6 15. Qxb6 axb6 16. Na3 Bc6 17. 0-0-0 0-0-0 18. Rhg1 g6 19. c4 Bxd6 20. Bg5 Rd7 21. cxd5 Ba4 22. Rd4 Rc7+ 23. Kb1 Bd7 24. Nc4 Bc5 25. Rd2 Bf5+ 26. Ka1 Re8 27. Bf4 Rce7 28. Be3 b5 29. d6 bxc4 30. dxe7 Bxe7 31. Rc1 Be6 32. Rcd1 b5 33. a3 Kc7 34. Bf4+ Kb7 35. Bd6 Bf6 36. Bb4 Be5 37. Re2 Bxh2 38. Rh1 Bc7 39. Rxh7 Rd8 40. Rd2 Rd3 41. Rxd3 cxd3 42. Bd2 Bb6 43. Rh2 Bc7 44. Rh4 Bb6 45. Be3 Bb3 46. Rb4 Bc4 47. b3 Be6 48. Rxb5 d2 49. Bxd2 Kc6 50. a4 Bxf2 51. Kb2 f6 52. Bc3 Bd5 53. Bxf6 Bxf3 54. Bg5 Bb6 55. Ka3 Bd5 56. Kb4 Ba7 57. Ra5 Bb6 58. Ra8 Bc7 59. Ra6+ Kd7 60. Rxg6 Bd6+ 61. Kb5 Bxb3 62. a5 Bc7 63. a6 Kc8 64. Rh6 Be5 65. Bf6 1-0

[Event "Balatonlelle Rigo Memorial IM-A 4th"]
[Site "Balatonlelle"]
[Date "2025.06.23"]
[Round "4"]
[White "Ajay Santhosh, Parvathareddy"]
[Black "Pasti, Zsombor"]
[Result "1-0"]
[WhiteElo "2244"]
[BlackElo "2097"]
[PlyCount "93"]
[EventDate "2025.06.21"]
[EventType "tourn"]
[EventRounds "9"]
[EventCountry "HUN"]
[SourceTitle "CB27_2025"]
[SourceDate "2025.07.02"]
[SourceVersion "1"]
[SourceVersionDate "2025.07.02"]
[SourceQuality "1"]

1. Nf3 d5 2. c4 e6 3. g3 Nf6 4. Bg2 Be7 5. 0-0 0-0 6. b3 Nbd7 7. Bb2 b6 8. d3 Bb7 9. Nbd2 c5 10. Qc2 Rc8 11. cxd5 exd5 12. e4 d4 13. Rac1 Re8 14. Qb1 Bf8 15. b4 Ba6 16. Nb3 c4 17. dxc4 Bxc4 18. Rfd1 d3 19. Rxc4 Rxc4 20. Qxd3 Rcxe4 21. Bxf6 gxf6 22. Bh3 Ne5 23. Nxe5 Qxd3 24. Nxd3 Rd8 25. a3 Re2 26. Bf5 a5 27. bxa5 Re5 28. Nxe5 Rxd1+ 29. Kg2 bxa5 30. Bc2 Rd5 31. Ng4 Kg7 32. Ne3 Re5 33. Nc4 Re2 34. Bd3 Ra2 35. Bb1 Re2 36. Kf1 Re8 37. a4 Bb4 38. Bd3 Re1+ 39. Kg2 Rd1 40. Be4 Rd7 41. Bc6 Ra7 42. Bb5 Kg6 43. Kf3 h5 44. Nd4 Ra8 45. Nc6 Bc3 46. Nb6 Re8 47. Nd5 1-0

[Event "Teplice op 18th"]
[Site "Teplice"]
[Date "2025.06.19"]
[Round "6"]
[White "Korshunov, Sergey And"]
[Black "Ajay Santhosh, Parvathareddy"]
[Result "0-1"]
[WhiteElo "2363"]
[BlackElo "2244"]
[PlyCount "54"]
[EventDate "2025.06.14"]
[EventType "swiss"]
[EventRounds "9"]
[EventCountry "CZE"]
[SourceTitle "CB26_2025"]
[SourceDate "2025.06.25"]
[SourceVersion "1"]
[SourceVersionDate "2025.06.25"]
[SourceQuality "1"]

1. Nf3 d5 2. c4 d4 3. b4 g5 4. Bb2 Bg7 5. e4 g4 6. Ng1 Nc6 7. b5 Ne5 8. d3 f5 9. Nd2 fxe4 10. Nxe4 Nf6 11. Nxf6+ Bxf6 12. Ne2 c5 13. Ng3 Bg5 14. Be2 Qa5+ 15. Kf1 Qc7 16. Bc1 Bxc1 17. Qxc1 Ng6 18. Qg5 Qe5 19. Qxe5 Nxe5 20. a4 0-0 21. Ke1 b6 22. h3 gxh3 23. gxh3 a6 24. Kd2 Rxf2 25. Ne4 Rg2 26. bxa6 Bf5 27. a5 Rxa6 0-1

[Event "Teplice op 18th"]
[Site "Teplice"]
[Date "2025.06.18"]
[Round "5"]
[White "Ajay Santhosh, Parvathareddy"]
[Black "Dhulipalla, Bala Chandra Prasad"]
[Result "1/2-1/2"]
[WhiteElo "2244"]
[BlackElo "2406"]
[PlyCount "61"]
[EventDate "2025.06.14"]
[EventType "swiss"]
[EventRounds "9"]
[EventCountry "CZE"]
[SourceTitle "CB26_2025"]
[SourceDate "2025.06.25"]
[SourceVersion "1"]
[SourceVersionDate "2025.06.25"]
[SourceQuality "1"]

1. e4 e5 2. Nf3 Nc6 3. Nc3 Nf6 4. Nd5 Be7 5. Bd3 0-0 6. c3 d6 7. Bc2 Be6 8. Nxe7+ Qxe7 9. 0-0 d5 10. d4 Nxe4 11. Nxe5 Nxe5 12. dxe5 f6 13. exf6 Qxf6 14. Be3 Rad8 15. f3 Nd6 16. Bd4 Qg5 17. Qc1 Qxc1 18. Raxc1 Bf5 19. Rfe1 Rfe8 20. Bxf5 Nxf5 21. Be5 c5 22. Kf2 Ne7 23. Bc7 Rd7 24. Bf4 Kf7 25. Re5 Ng6 26. Rf5+ Kg8 27. Rd1 b6 28. Rd2 Nxf4 29. Rxf4 g6 30. h4 Kg7 31. h5 1/2-1/2

[Event "Bhubaneswar op 16th"]
[Site "Bhubaneswar"]
[Date "2025.05.11"]
[Round "3"]
[White "Samuel Stephen Noble, S."]
[Black "Ajay Santhosh, Parvathareddy"]
[Result "1-0"]
[WhiteElo "2007"]
[BlackElo "2282"]
[PlyCount "112"]
[EventDate "2025.05.09"]
[EventType "swiss"]
[EventRounds "10"]
[EventCountry "IND"]
[SourceTitle "CB21_2025"]
[SourceDate "2025.05.21"]
[SourceVersion "1"]
[SourceVersionDate "2025.05.21"]
[SourceQuality "1"]

1. d4 Nf6 2. c4 g6 3. Nc3 Bg7 4. e4 d6 5. Be2 0-0 6. Be3 Nc6 7. d5 Ne5 8. f4 Neg4 9. Bd2 Nh6 10. Nf3 e6 11. dxe6 fxe6 12. Ng5 e5 13. fxe5 Nfg4 14. Nf3 Nxe5 15. 0-0 Nhg4 16. Nxe5 Rxf1+ 17. Qxf1 Bxe5 18. Bxg4 Qh4 19. Bxc8 Qxh2+ 20. Kf2 Rxc8 21. Ke2 Re8 22. Qh1 Qg3 23. Qh3 Qxh3 24. gxh3 Bxc3 25. Bxc3 Rxe4+ 26. Kd3 Rh4 27. Rh1 a6 28. a4 Kf7 29. Rf1+ Ke6 30. Rf3 d5 31. b3 dxc4+ 32. bxc4 Rh5 33. Re3+ Kd7 34. Be1 b6 35. h4 c6 36. Rf3 Ke7 37. Bd2 Ke6 38. Rf4 a5 39. Re4+ Kd7 40. Bg5 Kd6 41. Kc3 Kd7 42. Re7+ Kc8 43. Re8+ Kd7 44. Rh8 Ke6 45. Kd4 Kf7 46. Ke4 Kg7 47. Rb8 h6 48. Bd8 Kf7 49. Rxb6 Ke8 50. Bf6 Kd7 51. Rb7+ Ke6 52. Bd8 Re5+ 53. Kd3 Rf5 54. Re7+ Kd6 55. Rg7 Rf3+ 56. Ke4 Rg3 1-0

[Event "Maharashtra op 3rd"]
[Site "Hadapsar"]
[Date "2025.04.22"]
[Round "3"]
[White "Pantsulaia, Levan"]
[Black "Ajay Santhosh, Parvathareddy"]
[Result "1-0"]
[WhiteElo "2532"]
[BlackElo "2295"]
[PlyCount "85"]
[EventDate "2025.04.20"]
[EventType "swiss"]
[EventRounds "10"]
[EventCountry "IND"]
[SourceTitle "CB18_2025"]
[SourceDate "2025.04.30"]
[SourceVersion "1"]
[SourceVersionDate "2025.04.30"]
[SourceQuality "1"]

1. c4 Nf6 2. Nf3 e6 3. g3 d5 4. b3 g6 5. d4 Bg7 6. Bg2 0-0 7. Ba3 Re8 8. e3 Ne4 9. Nfd2 e5 10. Nxe4 exd4 11. cxd5 f5 12. Bb2 c5 13. Nec3 dxe3 14. f4 Na6 15. Qe2 Bd4 16. 0-0 Nb4 17. Na3 Nd3 18. Qxd3 e2+ 19. Kh1 exf1Q+ 20. Rxf1 Qf6 21. Nc4 b5 22. d6 bxc4 23. Qxc4+ Be6 24. Nd5 Qg7 25. Bxd4 cxd4 26. d7 Qxd7 27. Nf6+ Kg7 28. Nxd7 Bxc4 29. bxc4 Rad8 30. Ne5 Rb8 31. Bc6 Rec8 32. Rf2 Rb6 33. Bd5 a5 34. Kg2 Rb1 35. Nf3 d3 36. Ne5 Rd1 37. Kf3 a4 38. Ke3 a3 39. Nxd3 Re8+ 40. Kd4 Kf6 41. Rc2 Ra1 42. c5 Ke7 43. Rc3 1-0

[Event "Maharashtra op 3rd"]
[Site "Hadapsar"]
[Date "2025.04.21"]
[Round "2"]
[White "Ajay Santhosh, Parvathareddy"]
[Black "Stany, George Anthony"]
[Result "1-0"]
[WhiteElo "2295"]
[BlackElo "2454"]
[PlyCount "61"]
[EventDate "2025.04.20"]
[EventType "swiss"]
[EventRounds "10"]
[EventCountry "IND"]
[SourceTitle "CB18_2025"]
[SourceDate "2025.04.30"]
[SourceVersion "1"]
[SourceVersionDate "2025.04.30"]
[SourceQuality "1"]

1. e4 c5 2. Nf3 Nc6 3. Nc3 e5 4. Nd5 Nf6 5. c3 d6 6. Bc4 h6 7. 0-0 g6 8. d4 cxd4 9. cxd4 Bg7 10. Nxf6+ Bxf6 11. Be3 Bg4 12. Qb3 Qc7 13. dxe5 dxe5 14. Nd2 Na5 15. Qa4+ Kf8 16. Bd5 Bd7 17. Rac1 Qd8 18. Qa3+ Kg7 19. f4 Be8 20. fxe5 Bxe5 21. Nf3 Bf6 22. Rfd1 Bd7 23. e5 Be7 24. b4 Nc6 25. e6 Bxe6 26. Bxe6 Bxb4 27. Qb3 Qf6 28. Rd7 Rhf8 29. Bd5 Ne5 30. Bd4 Nxd7 31. Qxb4 1-0

[Event "IND-chT 44th"]
[Site "Ahmedabad"]
[Date "2025.03.10"]
[Round "8.1"]
[White "Ajay Santhosh, Parvathareddy"]
[Black "Sankalp, Gupta"]
[Result "0-1"]
[WhiteElo "2245"]
[BlackElo "2545"]
[PlyCount "67"]
[EventDate "2025.03.05"]
[EventType "team-swiss"]
[EventRounds "9"]
[EventCountry "IND"]
[SourceTitle "CB12_2025"]
[SourceDate "2025.03.19"]
[SourceVersion "1"]
[SourceVersionDate "2025.03.19"]
[SourceQuality "1"]
[WhiteTeam "Uttar Pradesh"]
[BlackTeam "Airports Authority"]
[WhiteTeamCountry "IND"]
[BlackTeamCountry "IND"]

1. e4 e6 2. d4 d5 3. Nc3 Nf6 4. e5 Nfd7 5. f4 c5 6. Nf3 Nc6 7. Be3 a6 8. Ne2 b5 9. c3 Rb8 10. Qc2 Qb6 11. a3 a5 12. dxc5 Bxc5 13. Ned4 b4 14. axb4 axb4 15. Bd3 h6 16. 0-0 0-0 17. Kh1 Bb7 18. Qf2 Ra8 19. Rxa8 Rxa8 20. Qg3 Ba6 21. Bxa6 Qxa6 22. Re1 Nxd4 23. Nxd4 Qd3 24. f5 bxc3 25. bxc3 Qxc3 26. Nb5 Qxe5 27. Qxe5 Nxe5 28. Bxc5 Nd3 29. Nc7 Ra2 30. fxe6 fxe6 31. Rf1 Nxc5 32. h3 d4 33. Rd1 d3 34. Nb5 0-1

[Event "IND-chT 44th"]
[Site "Ahmedabad"]
[Date "2025.03.08"]
[Round "5.1"]
[White "Ajay Santhosh, Parvathareddy"]
[Black "Mahindrakar, Indrajeet"]
[Result "1-0"]
[WhiteElo "2245"]
[BlackElo "2145"]
[PlyCount "115"]
[EventDate "2025.03.05"]
[EventType "team-swiss"]
[EventRounds "9"]
[EventCountry "IND"]
[SourceTitle "CB12_2025"]
[SourceDate "2025.03.19"]
[SourceVersion "1"]
[SourceVersionDate "2025.03.19"]
[SourceQuality "1"]
[WhiteTeam "Uttar Pradesh"]
[BlackTeam "Maharashtra II"]
[WhiteTeamCountry "IND"]
[BlackTeamCountry "IND"]

1. e4 g6 2. d4 Bg7 3. Nf3 c6 4. Nc3 d6 5. Bf4 b5 6. a3 a6 7. e5 Bf5 8. Bd3 Bxd3 9. Qxd3 dxe5 10. dxe5 Qxd3 11. cxd3 Nh6 12. Rc1 0-0 13. Ne4 Rd8 14. Ke2 Nf5 15. Rhd1 h6 16. h4 a5 17. d4 h5 18. Bg5 Ra7 19. Ng3 Nxg3+ 20. fxg3 Rd5 21. Be3 Kf8 22. Ng5 e6 23. Ne4 Rc7 24. Rc2 Na6 25. Rdc1 c5 26. Nc3 c4 27. Nxd5 exd5 28. Bd2 a4 29. Rf1 Ke8 30. Bc3 Rb7 31. Rcc1 Nc7 32. Kf3 Bf8 33. g4 hxg4+ 34. Kxg4 Ne6 35. Rf3 b4 36. axb4 Bxb4 37. Ra1 Bxc3 38. bxc3 Ra7 39. Rf2 Nc7 40. Rfa2 Nb5 41. Rxa4 Rxa4 42. Rxa4 Nxc3 43. Ra8+ Ke7 44. Kf3 Ne4 45. g4 Nd2+ 46. Ke3 Nb3 47. Ra3 Nc1 48. Kd2 Nb3+ 49. Rxb3 cxb3 50. Kc3 f6 51. exf6+ Kxf6 52. Kxb3 Kf7 53. Kb4 Ke7 54. Kc5 Ke6 55. Kc6 Ke7 56. Kxd5 Kd7 57. Ke5 Ke7 58. d5 1-0